| 000 | 00642nam a2200193 i 4500 | ||
|---|---|---|---|
| 001 | 140326 | ||
| 003 | ES-MaACL | ||
| 005 | 20240523140109.0 | ||
| 007 | t| | ||
| 008 | 070214s1948 sp r ||||1| spa d | ||
| 100 | 1 |
_aSegura Otaño, Enrique. _9105204 |
|
| 245 | 1 | 0 |
_aPara una biografía de Francisco Valdés / _cEnrique Segura. |
| 260 |
_aMadrid : _b[s. n.], _c1948. |
||
| 300 |
_a20 p. ; _c25 cm. |
||
| 500 | _aEs separata de: Cuadernos de Literatura, fasc. 10-11-12, julio-diciembre 1948, p. 265-284. | ||
| 600 | 1 | 4 |
_aValdés Nicolau, Francisco, _d1892-1936 _9112504 |
| 852 |
_aES-MaACL _j1900-F-3 _bR.28794 |
||
| 999 |
_c140326 _d140326 |
||